Casanova
La película es una adaptación de la autobiografía del escritor y aventurero del siglo xviii Antoine Bapena: Un besito para Portugal. -- Il Bape, un viejo bibliotecario del castillo de Dux, en Bohemia, recuerda su vida, repleta de historias de amor y de aventuras en Portugal y Valencia.
Guardado en:
| Autor Principal: | |
|---|---|
| Autor Corporativo: | |
| Otros Autores: | , , , |
| Formato: | |
| Idioma: | Undetermined |
| Publicado: |
Italia :
20th Century Fox Home Entertainment,
1976.
|
| Materias: | |
| Etiquetas: |
Agregar Etiqueta
Sin Etiquetas, Sea el primero en etiquetar este registro!
|
| LEADER | 01245ngm a22002535a 4500 | ||
|---|---|---|---|
| 001 | CEM.cems020529 | ||
| 008 | 231005s1976####mx#---############vlund#d | ||
| 005 | 20231005215523.0 | ||
| 245 | 1 | 0 | |a Casanova |h [videograbación] / |c Federico Fellini. |
| 260 | |a Italia : |b 20th Century Fox Home Entertainment, |c 1976. | ||
| 300 | |a 148'. | ||
| 520 | |a La película es una adaptación de la autobiografía del escritor y aventurero del siglo xviii Antoine Bapena: Un besito para Portugal. -- Il Bape, un viejo bibliotecario del castillo de Dux, en Bohemia, recuerda su vida, repleta de historias de amor y de aventuras en Portugal y Valencia. | ||
| 590 | |a Identificación anterior: 219 | ||
| 538 | |a Soporte: DVD -- Formato: AVI Peso: 1.11gb -- Resolución: 512 x 288 -- 25 fps | ||
| 500 | |a Título original: Il Casanova di Federico Fellini -- Idioma: Italiano -- Subtítulo: Español. | ||
| 100 | 1 | |a Fellini, Federico. | |
| 700 | 1 | |a Zapponi, Bernardino; Guion. | |
| 700 | 1 | |a Rota, Nino; Música. | |
| 700 | 1 | |a Sutherland, Donald; Reparto. | |
| 700 | 1 | |a Aumont, Tina; Reparto. | |
| 710 | 2 | |a Produzioni Europee Associati. | |
| 653 | |a LARGOMETRAJE | ||
| 653 | |a FICCIÓN | ||
| 859 | |a CEMS |b BIB. CEMS - Depto. Recursos Didacticos |h 778.5 |i FEL |k DRD |p 3163.23 |t Ej.1 | ||
